| 000 | 01523nam a2200241Ia 4500 | ||
|---|---|---|---|
| 003 | OSt | ||
| 005 | 20250711161311.0 | ||
| 008 | 191128t1989 ck br 000 f spa d | ||
| 020 | _a9580407479 | ||
| 040 |
_aCO-JMCR _cCO-JMCR |
||
| 041 | _aspa | ||
| 082 |
_aN _bSANp |
||
| 100 | 1 |
_aSánchez Juliao, David, _eautor _98108 |
|
| 245 | 1 | 3 |
_aEl país mas hermoso del mundo / _cDavid Sánchez Julio |
| 260 |
_aBogotá : _bNorma, _c1989 |
||
| 300 |
_a144 páginas : _bilustraciones blanco y negro ; _c19 cm |
||
| 490 | 0 | _aTorre de papel. Roja | |
| 500 | _aIncluye datos biográficos del autor en contraportada | ||
| 505 | 0 | _aEl encuentro con el sol -- Enero: un país echo de almíbares y nieves -- Febrero: un país casi todo echo de mar -- Marzo: un país donde la gente era superior al paisaje -- Abril: un país que era todo ciudad -- Mayo: el país de la miel y de las flores -- Junio: el país corazón de la tierra -- Julio: un país de arenas y espejismos -- Agosto: el país verde esmeralda -- Septiembre: un país que amaba el río -- Octubre: un país todo de blanco -- Noviembre: el país de los témpanos viajeros -- Diciembre: un país que era centro del año | |
| 520 | 3 | _aLalo y Tala emprenden un viaje en compañía del Sol. Visitan los doce meses del año, que son doce países diferentes. Descubren que cada mes es distinto de los demás, y que cada uno tiene algún encanto especial. Doce fantásticas aventuras comparten Lalo y Tala. | |
| 650 | 1 | 4 |
_aNovela infantil colombiana _96541 |
| 942 |
_2ddc _cBK |
||
| 999 |
_c3313 _d3313 |
||